Quotable 'Friends' Quiz Stats

 Plays Quiz Updated Nov 23, 2018

     
Support Sporcle.
Go Orange.
Score 0/20 Timer 05:00
4 Plays Today
Quote Word % Correct
'We were on a _____!'break
91.9%
'I'm dating a guy whose pool I once_____ in.'peed
91.3%
'Take it from me. Mothers love me. Ross' mom actually said that I'm like the _____ that she never had.'daughter
85%
'Joey doesn't share _____!!!' food
83.5%
'Look at me, I'm _____! Could I BE wearing any more clothes? Maybe if I wasn't going commando!'Chandler
81.7%
'So Mom already called this morning to remind me not to wear my hair up. Did you know my _____ were not my best feature?'ears
74.9%
'Rach, you gotta find out if he's in the same place you are. Otherwise, it's just a _____ point.'moo
74.8%
'I studied ka-ra-te for a long time, and there's a concept you should really be familiar with. It's what the Japanese call _____.'unagi
71%
'I'm not so good with the advice... Can I interest you in a sarcastic _____?'comment
65.1%
'I just had me a nubbinectomy. Two _____, no waiting.'nipples
58.8%
Quote Word % Correct
'Okay, I've got a _____, three breasts, and a wing.'leg
56.8%
'You guys call him Cute Coffeehouse Guy? We call him '_____ While He Pees.''Hums
52.4%
On second thought, _____ would be perfection.'gum
49.6%
'Your _____ can say whatever you want it to say! It could say, 'Ross Geller: Good at Marriage!''tombstone
48.3%
'I would never _____ Monica on a great stew by grabbing her boob.'congratulate
46.6%
'You have to stop the _____ when there's resistance.'Q-Tip
42.3%
'Honey, he's about to go hit on Isabella Rossellini. I'm just sorry we don't got _____.'popcorn
41.3%
'Oh, you guys, look! Ugly naked guy got _____ boots!'gravity
32.9%
'What kind of sick _____ snuff film is this?'doggy
23.4%
'Well, I'm a pacifist, but when the ____ comes, I'll destroy all of you.'revolution
15.7%

From the Vault

Find the Cartoon Kids III

by kfastic

Someone call mall security and report these cartoon kids missing.
Remove Ads.
Support Sporcle.
Get the best of Sporcle when you Go Orange. This ad-free experience offers more features, more stats, and more fun while also helping to support Sporcle. Thank you for becoming a member.

Show Comments

Extras

Top Quizzes Today


Score Distribution

Your Account Isn't Verified!

In order to create a playlist on Sporcle, you need to verify the email address you used during registration. Go to your Sporcle Settings to finish the process.

Report this User

Report this user for behavior that violates our Community Guidelines.

Details: